000 00393 a2200145 4500
005 20250429130511.0
020 _a0-304-31395-5
082 _a658. 15 WIL
100 _aWILSON, R. M. S
245 _aFinancial Analysis: A Managerial Introduction
260 _aLondon,
_bCassell,
_c1987.
300 _a310p.: ill.; figure, graph, table.
_bIndex.
_c25cm.
700 _aMcHugh, G.
942 _2ddc
_cBKS
999 _c1770
_d1770